Fringe pattern analysis (Record no. 10101)
[ view plain ]
| 000 -LEADER | |
|---|---|
| fixed length control field | 00882nam a2200217Ia 4500 |
| 003 - CONTROL NUMBER IDENTIFIER | |
| control field | IN-BaIIA |
| 008 - FIXED-LENGTH DATA ELEMENTS--GENERAL INFORMATION | |
| fixed length control field | 211028s9999 xx 000 0 eng d |
| 020 ## - INTERNATIONAL STANDARD BOOK NUMBER | |
| International Standard Book Number | 0-8194-0199-4 |
| 040 ## - CATALOGING SOURCE | |
| Transcribing agency | IIA Library |
| 080 ## - UNIVERSAL DECIMAL CLASSIFICATION NUMBER | |
| Universal Decimal Classification number | 535(082.1) |
| Item number | SPI-1163 |
| 111 ## - MAIN ENTRY--MEETING NAME | |
| Meeting name or jurisdiction name as entry element | Society of Photo-Optical Instrumentation Engineers Conference |
| Location of meeting | California |
| Date of meeting or treaty signing | 1989 Aug. 08-09 |
| 9 (RLIN) | 17095 |
| 245 #0 - TITLE STATEMENT | |
| Title | Fringe pattern analysis |
| Remainder of title | proceedings of the SPIE held in Sandiago, California, on 08-09 August 1989 |
| Statement of responsibility, etc. | edited by Graeme T. Reid |
| 260 ## - PUBLICATION, DISTRIBUTION, ETC. | |
| Place of publication, distribution, etc. | Washington |
| Name of publisher, distributor, etc. | Society of Photo-Optical Instrumentation Engineers |
| Date of publication, distribution, etc. | 1989 |
| 300 ## - PHYSICAL DESCRIPTION | |
| Extent | vi, 260p. |
| 490 ## - SERIES STATEMENT | |
| Series statement | SPIE proceedings series; v. 1163 |
| 650 ## - SUBJECT ADDED ENTRY--TOPICAL TERM | |
| Topical term or geographic name entry element | Astronomy and Astrophysics Thesaurus |
| 650 ## - SUBJECT ADDED ENTRY--TOPICAL TERM | |
| Topical term or geographic name entry element | Fringe pattern |
| 9 (RLIN) | 17096 |
| 650 ## - SUBJECT ADDED ENTRY--TOPICAL TERM | |
| Topical term or geographic name entry element | Image processing techniques |
| 9 (RLIN) | 13729 |
| 700 ## - ADDED ENTRY--PERSONAL NAME | |
| Personal name | Reid, Graeme T., ed. |
| 9 (RLIN) | 17097 |
| 942 ## - ADDED ENTRY ELEMENTS (KOHA) | |
| Koha item type | Books |
| 952 ## - LOCATION AND ITEM INFORMATION (KOHA) | |
| -- | 55.00 |
| Withdrawn status | Lost status | Damaged status | Not for loan | Home library | Current library | Shelving location | Date acquired | Total Checkouts | Full call number | Barcode | Date last seen | Price effective from | Koha item type |
|---|---|---|---|---|---|---|---|---|---|---|---|---|---|
| IIA Library-Bangalore | IIA Library-Bangalore | General Stacks | 04/01/1991 | 535(082.1)/ SPI-1163 | 11011 | 05/11/2021 | 04/01/1991 | Books |